Hampshire Places - Sudden Death - Statistics

General Stats
  • This quiz has been taken 53 times
  • The average score is 13 of 16
Answers on the Grid
Answers color-coded by a green-red scale on the quiz's grid according to % correct below.
Aldershot
Alton
Andover
Bakewell
Basingstoke
Bath
Buckingham
Carlisle
Darwen
Eastleigh
Fareham
Farnborough
Fleet
Gosport
Harwich
Havant
Hunstanton
Kenilworth
Kidderminster
Liphook
Macclesfield
Petersfield
Portsmouth
Ringwood
Romsey
Rotherham
Sidmouth
Sleaford
Slough
Southampton
Torquay
Uttoxeter
 
Answer Stats
Answer % Correct
Southampton
93%
Portsmouth
91%
Basingstoke
89%
Andover
87%
Eastleigh
87%
Gosport
85%
Havant
85%
Romsey
85%
Aldershot
83%
Fareham
83%
Farnborough
78%
Alton
76%
Fleet
74%
Ringwood
74%
Petersfield
72%
Liphook
61%
No matching quizzes found
Score Distribution
Percent of People with Each Score
Percentile by Number Answered
Your Score History
You have not taken this quiz